Current Events - U.S. | 2 | 25.00 | 100% | 100% | 50% |
Current Events - World | 2 | 15.00 | 100% | 50% | 0% |
Fine Arts - Ballet/Dance | 1 | 20.00 | 100% | 100% | 0% |
Fine Arts - Film | 1 | 20.00 | 100% | 100% | 0% |
Fine Arts - Jazz | 1 | 10.00 | 100% | 0% | 0% |
Fine Arts - Miscellaneous | 2 | 15.00 | 100% | 50% | 0% |
Fine Arts - Music | 1 | 10.00 | 100% | 0% | 0% |
Fine Arts - Opera | 1 | 20.00 | 100% | 100% | 0% |
Fine Arts - Painting | 4 | 10.00 | 100% | 0% | 0% |
Fine Arts - Photography | 2 | 15.00 | 100% | 50% | 0% |
Fine Arts - Sculpture | 2 | 10.00 | 50% | 50% | 0% |
Geography - Europe | 1 | 20.00 | 100% | 100% | 0% |
Geography - United States | 1 | 10.00 | 100% | 0% | 0% |
Geography - World | 2 | 10.00 | 100% | 0% | 0% |
History - American | 3 | 16.67 | 100% | 67% | 0% |
History - Cross, Historiography, and Miscellaneous | 11 | 15.45 | 100% | 27% | 27% |
History - European | 7 | 12.86 | 100% | 29% | 0% |
History - World | 6 | 11.67 | 100% | 17% | 0% |
Literature - American | 8 | 17.50 | 88% | 75% | 13% |
Literature - British | 8 | 13.75 | 100% | 38% | 0% |
Literature - European | 6 | 18.33 | 100% | 83% | 0% |
Literature - World and Miscellaneous | 8 | 16.25 | 100% | 63% | 0% |
Other - Other Academic and General Knowledge | 4 | 20.00 | 100% | 50% | 50% |
RMP - Christian Practice | 1 | 10.00 | 100% | 0% | 0% |
RMP - Greco-Roman Mythology | 1 | 10.00 | 100% | 0% | 0% |
RMP - Islam | 3 | 10.00 | 67% | 0% | 33% |
RMP - New Testament | 2 | 10.00 | 100% | 0% | 0% |
RMP - Other Religion | 2 | 5.00 | 50% | 0% | 0% |
RMP - Philosophy | 2 | 15.00 | 100% | 50% | 0% |
RMP - World Mythology | 3 | 16.67 | 100% | 67% | 0% |
Science - Astronomy | 1 | 20.00 | 100% | 100% | 0% |
Science - Biology | 8 | 16.25 | 88% | 50% | 25% |
Science - Chemistry | 7 | 10.00 | 71% | 29% | 0% |
Science - Computer Science | 3 | 10.00 | 100% | 0% | 0% |
Science - Earth | 2 | 10.00 | 100% | 0% | 0% |
Science - Math | 2 | 10.00 | 100% | 0% | 0% |
Science - Physics | 10 | 13.00 | 90% | 30% | 10% |
Social Science - Anthropology | 1 | 10.00 | 100% | 0% | 0% |
Social Science - Economics | 2 | 10.00 | 50% | 50% | 0% |
Social Science - Other | 1 | 10.00 | 100% | 0% | 0% |
Social Science - Psychology | 1 | 0.00 | 0% | 0% | 0% |